000 00360nam a2200157Ia 4500
003 LK-CoDNM
008 010623t1919 xxu||||| |||| 00| 1 eng d
040 _aLK-CoDNM
_dLK-CoDNM
_eLK-CoDNM
041 _aeng
080 _a50
_bF3
245 _aThe Training College Magazine
260 _b?
_c1919
300 _b51p., 20 cm
650 _aNymphidia
942 _cBK
999 _c89752
_d89752